000 00644nam a2200277Ia 4500
005 20260324125056.0
008 008 260324s9999 xx 000 0 eng d
020 _a9780429111259
037 _aEBOOK
040 _aCRL
040 _beng
040 _cCRL
041 _2eng
041 _aeng
084 _qCRL
100 _aSuzanne Bell; Keith Morris
_91176597
245 3 _aAn Introduction to Microscopy
260 _bTaylor and Francis
260 _c2009
365 _a
365 _b195
856 _uhttp://www.taylorfrancis.com/books/9780429111259
942 _cEBOOK
999 _c1771537
_d1771537